000 00853nam a2200265Ia 4500
003 GCL
008 140319s9999 xx 000 0 ara d
040 _aGCL /
_cGCL
082 0 4 _a658.401
_bس م
100 1 _aسيد الهوارى
245 1 0 _aمنظمة القرن ال 21 /
_cسيد الهوارى
250 _aد. ط
260 _aالقاهرة :
_bسيد الهوارى ،
_c2005
300 _a255 ص ؛
_c24 سم
650 0 4 _aادارة الاعمال
650 0 4 _aالشركات
650 0 4 _aالتنمية الادارية
650 0 4 _aالفساد الادارى
650 0 4 _aالادارة - تطوير
650 0 4 _aالاصلاح الادارى
650 0 4 _aالبنوك - تنظيم و ادارة
650 0 4 _aالادارة - تطوير - القرن 21
650 0 4 _aمنظمة القرن 21
942 _2ddc
_cBK
999 _c8309
_d8309